Les joueurs ayant marqué le plus de pénaltys - Statistiques

Statistiques générales
  • Ce quiz a été pris 66 fois
  • Le résultat moyen est 4 sur 10
Statistiques - réponses
Classement Nationalité Joueur % Correct
4 Portugal Cristiano Ronaldo
100%
7 Egypte Mohamed Salah
89%
3 Pologne Robert Lewandowski
76%
2 Angleterre Harry Kane
72%
1 Italie Ciro Immobile
35%
10 France Alexandre Lacazette
24%
8 Croatie Andrej Kramaric
17%
9 France Wissam Ben Yedder
7%
5 Espagne Iago Aspas
4%
6 Italie Domenico Berardi
0%
Aucun quiz correspondant
Distribution des résultats
% des personnes avec chaque résultat
Percentile par nombre de réponses
Votre historique - résultats
Vous n’avez pas pris ce quiz